000 02692nam a2200373 a 4500
003 DO-SdBNP
005 20221104110800.0
007 ta
008 221103e2004 dr ab||gr|||| 001 e spa d
040 _aDO-SdBNP
_bspa
_cBNPHU
082 4 _222
_bG562i
245 1 0 _aGlobalización e intermediación urbana en América latina. /
_cConcepción Álvarez...[et. al.]; Compilador y coordinador, Haroldo Dilla Alfonso; Editor, Enrique Soldevilla
260 _aSanto Domingo :
_bFLACSO,
_c2004,
300 _a274 p. :
_bil., mapas ;
_c21 cm.
500 _aIncluye biografía de los autores p. 271 - 274
500 _aEste libro es el resultado de un taller que tuvo lugar en FLACSO los días 6 y 7 de febrero del 2004 en torno a un tema tan apasionante como pertinente: la intermediación urbana en el marco de la presente globalización capitalista, entendida como las maneras en que las ciudades articulan y procesan los flujos externos y como organzan sus respuestas, sea, mediante las políticas públicas, las prácticas sociales o las estrategias de acumulación.
500 _aIncluye bibliografía y notas al pié de páginas.
505 _aPresentación.
_tCiudades intermedias: ¿Una nueva oportunidad para un desarrollo regional coherente en América Latina?
_tL territorialidad de la acción pública: Nuevas cuestiones urbanas frente a los cambios globales.--
_tActores sociales de fin de siglo en la sociedad urbana contemporánea: Las prácticas sociales de transformación de los espacios urbanos.--
_tHabana 2050.--
_tLogros, desafíos y perspectivas delas ciudades intermedias cubanas.--
_tSanta Clara y sus retos hacia un desarrollo sostenible.--
_tBayamo, una ciudad en desarrollo.--
_tDentro ofuera: Bordeando los límites de Santo Domingo.--
_tRetos y desafíos de la ciudad de Santiago de los Caballeros en los procesos de intermediación urbana.--
_tIntermediación urbana fronteriza en República Dominicana.
_tAutores.
590 _aInventariado 2022 / MF
650 4 _932099
_aGlobalización
_vCongresos
_zCuba
650 4 _aGlobalización
_vCongresos
_zRepública Dominicana
_982707
650 4 _aGlobalización
_92272
_xEnsayos, Conferencias, etc.
_zAmérica Latina
650 4 _aGlobalización
_xEnsayos, Conferencias, etc.
_zRepública Dominicana
_982708
700 1 _aÁlvarez, Concepción
_982700
700 1 _aBenavides González, Aleida
_982701
700 1 _aBolay, Jean-Claude
_982702
700 1 _aCatenazzi, Andrea Claudia
_982703
700 1 _a Corral, Julio César
_982704
700 1 _955224
_aCotto-Morales, Liliana
700 1 _95199
_aDilla Alfonso, Haroldo
_ecomp.
700 _974616
_aSoldevilla, Enrique
_eed.
910 _aMFeliz
942 _2ddc
_cLBS1
999 _c52778
_d52778